| 000 | 00508nam a2200205Ia 4500 | ||
|---|---|---|---|
| 005 | 20250425162040.0 | ||
| 008 | 250425s9999 xx 000 0 und d | ||
| 020 | _a0877791694 | ||
| 041 | _aeng | ||
| 082 | _a423.1 | ||
| 245 | 0 | _aMERRIAM-WEBSTER'S COLLEGIATE THESAURUS | |
| 250 | _aS.E. | ||
| 260 |
_aEstados Unidos _bMERRIAM-WEBSTER _c1993 |
||
| 260 | _aSPRINGFIELD | ||
| 300 | _a868 | ||
| 650 | _aINGLES-DICCIONARIOS | ||
| 650 | _aINGLES-SINONIMOS Y ANTONIMOS | ||
| 942 | _c01 | ||
| 010 | _a42808 | ||
| 999 |
_c221319 _d221319 |
||